| Поле | Инд. | ПП | Название | Значение |
|---|---|---|---|---|
| Тип записи | a | |||
| Библиографический уровень | m | |||
| 001 | Контрольный номер | RU/IS/BASE/191436955 | ||
| 005 | Дата корректировки | 20220804110913.3 | ||
| 040 | b | Код языка каталог. | rus | |
| 041 | 0_ | a | Код языка текста | rus |
| 080 | a | Индекс УДК | 004.42 | |
| 084 | a | Индекс другой классификации/Индекс ББК | 32.973.26-018.2 | |
| 090 | a | Полочн. индекс | 681.3 | |
| x | Авторский знак | Б48 | ||
| 097 | b | Оператор | 11 | |
| 100 | 1_ | a | Автор | Бердж В. |
| 245 | 10 | a | Заглавие | Методы рекурсивного программирования |
| c | Ответственность | пер. с англ. | ||
| 260 | a | Место издания | М. | |
| b | Издательство | Машиностроение | ||
| c | Дата издания | 1983 | ||
| 300 | a | Объем | 248 с. | |
| 510 | 0_ | a | Примечание о ссылках | Книги и методические пособия |
| 650 | 04 | a | Основная рубрика | 50.05 Теоретические основы программирования |
| x | Основная подрубрика | 50.05.17 Теоретические основы системного программного обеспечения | ||
| 653 | 0_ | a | Ключевые слова | программирование |
| 901 | t | Тип документа | m |